| 000 | 01124nam a2200325Ia 4500 | ||
|---|---|---|---|
| 001 | 19372 | ||
| 003 | IT-RoPAU | ||
| 008 | 130308s9999 xx 000 0 und d | ||
| 040 | _aIT-RoPAU | ||
| 040 | _cIT-RoPAU | ||
| 041 | _aFRANCESE | ||
| 100 | _aLaverriere Jacques | ||
| 100 | _gCodice Aut. SPICS: 10296 | ||
| 245 | _a100 fiches d'expression ecrite et orale a l'usage des formateurs | ||
| 245 | _b100 fiches D'Expression Ecrite et Orale a L'Usage des Formateurs | ||
| 250 | _a2a ed. | ||
| 260 | _aPARIS | ||
| 260 | _bOrganisation | ||
| 260 | _c1979 [1° Ed.:1976 - Ed.Ling.Originale:1976] | ||
| 300 | _a"264 p. (prefazione: no ; testo: 264)" | ||
| 500 | _a100 Schede di Espressione Scritta e Orale per Formatori Osare Esprimersi Organizzare le Proprie Idee Fare delle sintesi Adattare Suono Espressione Spiegare Argomentare Esprimersi e Comunicare | ||
| 650 | _aDIDATTICA AUDIOVISIVA | ||
| 650 | _eCodice materia Spics: 4002 | ||
| 700 | _aSantucci MoniqueSimonet Renee | ||
| 700 | _gCodice Aut. SPICS: 5752Codice Aut. SPICS: 4973 | ||
| 942 | _cBK | ||
| 957 | _71 | ||
| 999 |
_c67932 _d67932 |
||
| 999 | _bSI | ||
| 999 | _g1 | ||